[Event "3rd CNE NED-ch Men Rapid 2017"]
[Site "Amstelveen"]
[Date "2017.12.03"]
[Round "5"]
[White "Sokolov, Ivan"]
[Black "Van Wely, Loek"]
[Result "0-1"]
[WhiteElo "2589"]
[BlackElo "2657"]
[Annotator "TA"]
[PlyCount "72"]
[EventDate "2017.??.??"]
[EventType "tourn"]
[EventCountry "NED"]
[SourceTitle "playchess.com"]
[Source "ChessBase"]
[SourceQuality "1"]

{[%evp 17,72,13,0,8,33,14,34,32,27,4,4,5,5,8,13,-90,-89,-99,-89,-97,-89,-130,-126,-156,-135,-178,-114,-122,-126,-278,-293,-250,-264,-260,-209,-300,-307,-304,-301,-272,-246,-1014,-1013,-1343,-1260,-1227,-1180,-12833,-12058,-2078,-779,-744,-731,-1777,-1662,-1576,-1500]} 1. d4 d5 2. c4 e6 3. Nf3 Nf6 4. Nc3 c6 5. g3 dxc4 6. Bg2 b5 7. Ne5 Qb6 {E04: Open Catalan: 5 Nf3} (7... a6 8. O-O Bb7 9. b3 b4 10. Ne4 Nxe4 11. Bxe4 c3 12. a3 a5 13. axb4 axb4 14. Bf4 Nd7 15. Bxc6 Bxc6 16. Nxc6 {1-0 (38) Ding,L (2778)-So,W (2775) Shanghai 2016}) (7... a6 8. Nxc6 Qb6 9. Ne5 Bb7 10. e4 Nc6 11. Be3 Rd8 12. Nxc6 Qxc6 13. O-O Be7 14. a3 O-O 15. g4 {0-1 (65) Sokolov,I (2655)-Van Wely,L (2650) Netherlands 2010}) 8. O-O Bb7 9. b3 cxb3 {LiveBook: 7 Games. The position is equal.} 10. Qxb3 a5 $146 (10... Qxd4 $2 11. Nxb5 $1 {[%mdl 512]} Qxe5 12. Bb2 $18) ({Predecessor:} 10... Be7 11. Be3 Nd5 12. Ne4 O-O 13. f4 f6 14. Nd3 Na6 15. Bf2 {0-1 (34) Bach,M (2200)-Hector,J (2497) Helsingor 2017}) 11. Rb1 Nbd7 ({Much weaker is} 11... Qxd4 $6 12. Nxb5 $1 {[%mdl 512]} Qxe5 13. Nd6+ $1 {[%mdl 512]} Bxd6 14. Qxb7 $16) 12. Be3 {Threatens to win with d5.} Qa6 13. Nxd7 Nxd7 14. Ne4 Be7 15. Rfc1 O-O 16. a4 (16. Bf4 $11 {keeps the balance.}) 16... b4 $17 17. Rc2 Rac8 18. Rbc1 h6 19. Bf3 {[#]} Rfd8 $1 20. h4 Qa8 21. Kg2 e5 ({Better is} 21... c5 $1 $19 22. Nxc5 Bxf3+ 23. exf3 Bxc5 24. dxc5 Ne5) 22. Bh5 Rf8 {And now ...exd4 would win.} 23. f3 $2 (23. Bf3 $17) 23... exd4 $19 24. Bxd4 c5 $1 25. Nxc5 Bd5 26. Qd3 (26. Qb2 {was necessary.} Nf6 27. Bxf6 Bxf6 28. Qb1) 26... Bxc5 27. Bxc5 b3 ({Much less strong is} 27... Nxc5 28. Rxc5 Be6 29. Qd6 $17) 28. Bxf8 Rxc2 ({Resist} 28... bxc2 29. Bxg7 Kxg7 30. Bg4 $17) 29. Ba3 $2 (29. Rxc2 bxc2 30. Ba3) 29... Ne5 {[%cal Bd7e5,Be5d3,Bd3c1][%mdl 32] Black is clearly winning.} 30. Qf5 Rxe2+ 31. Kf1 Be6 32. Qf4 Qa6 33. Kg1 b2 (33... Qd3 $142 34. Ra1 b2 35. Bxb2 Rxb2 36. Qxe5 Qd2 37. Qxb2 Qxb2) 34. Bxb2 Nd3 35. Qb8+ Kh7 36. Bd4 Nxc1 {Precision: White = 26%, Black = 83%.} 0-1

[Event "3rd CNE NED-ch Men Rapid 2017"]
[Site "Amstelveen"]
[Date "2017.12.03"]
[Round "5"]
[White "Van den Doel, Erik"]
[Black "Van Foreest, Jorden"]
[Result "1/2-1/2"]
[WhiteElo "2589"]
[BlackElo "2629"]
[Annotator "TA"]
[PlyCount "89"]
[EventDate "2017.??.??"]
[EventType "tourn"]
[EventCountry "NED"]
[SourceTitle "playchess.com"]
[Source "ChessBase"]
[SourceQuality "1"]

{[%evp 13,89,37,28,35,35,34,34,0,0,0,6,0,12,5,7,0,0,-4,-5,0,0,0,0,0,0,0,0,0,0,0,4,0,0,0,6,10,14,0,0,0,0,0,0,0,0,0,0,0,0,0,0,0,0,0,0,0,0,0,0,0,0,0,0,0,0,0,0,0,0,0,0,0,0,0,0,0,0,0]} 1. e4 e5 2. Nf3 Nc6 3. Bb5 g6 4. O-O Bg7 5. c3 d6 6. d4 Bd7 7. Be3 Nf6 {LiveBook: 9 Games. C60: Ruy Lopez: Unusual Black 3rd moves and 3...g6} 8. dxe5 (8. Nbd2 O-O 9. Ba4 Re8 10. d5 Ne7 11. h3 Rf8 12. c4 h6 13. c5 Ne8 14. cxd6 Nxd6 15. Bxd7 Qxd7 {0-1 (38) Hjartarson,J (2529)-Van Foreest,J (2548) Berlin 2015}) 8... Nxe5 9. Nxe5 dxe5 {White is slightly better.} 10. Qa4 $146 ({Predecessor:} 10. Qb3 O-O 11. Rd1 Qc8 12. Bxd7 Nxd7 13. Nd2 Re8 14. a4 a5 15. Qc4 {0-1 (41) Radovanovic,J (2264)-Georghiou,P (2192) London 2006}) 10... a6 {The position is equal.} 11. Bxd7+ Qxd7 12. Qxd7+ Kxd7 13. f3 Ke6 14. Rd1 Rhd8 15. Na3 Ne8 16. Nc4 Nd6 (16... f5 {with more complications.} 17. exf5+ gxf5 18. Re1 Rd5 19. Nd2 Rad8) 17. Nxd6 Rxd6 18. Rxd6+ Kxd6 $11 {[%mdl 4096] Endgame KRB-KRB} 19. Rd1+ Ke6 20. Kf1 Bf6 21. Ke2 Rd8 22. Rb1 h6 23. a4 Bg5 24. Bxg5 hxg5 25. Rd1 Rxd1 26. Kxd1 {KP-KP} Kd6 27. b4 c5 28. Kc2 cxb4 29. cxb4 b5 30. axb5 axb5 31. Kd3 Ke6 32. Ke3 f5 33. Kf2 Kf7 34. Kg3 Kg7 35. h4 Kh6 36. exf5 gxf5 37. Kh3 gxh4 38. Kxh4 {K3P-K3P} Kg6 39. Kg3 Kg5 40. f4+ Kf6 {[#] Threatens to win with ...e4.} 41. fxe5+ Kxe5 42. Kf3 f4 43. Kg4 Ke4 44. Kg5 Ke5 $1 45. Kg4 {Precision: White = 81%, Black = 95%.} 1/2-1/2

[Event "3rd CNE NED-ch Men Rapid 2017"]
[Site "Amstelveen"]
[Date "2017.12.03"]
[Round "5"]
[White "Timman, Jan H"]
[Black "Bok, Benjamin"]
[Result "0-1"]
[WhiteElo "2562"]
[BlackElo "2601"]
[Annotator "TA"]
[PlyCount "96"]
[EventDate "2017.??.??"]
[EventType "tourn"]
[EventCountry "NED"]
[SourceTitle "playchess.com"]
[Source "ChessBase"]
[SourceQuality "1"]

{[%evp 19,96,0,16,0,20,0,8,-13,-11,-20,13,-62,-20,-37,-26,-41,-39,-68,-59,-56,-70,-141,-151,-145,-144,-314,-262,-242,-261,-247,-253,-235,-164,-164,-164,-164,-164,-164,-164,-164,-164,-164,-150,-327,-315,-285,-231,-311,-310,-308,-300,-281,-249,-244,-182,-239,-195,-244,-244,-244,-245,-285,-310,-592,-460,-460,-457,-433,-308,-305,-245,-371,-379,-1748,-1730,-29973,-29974,-29994,-29995]} 1. e4 c5 2. Nf3 d6 3. d4 cxd4 4. Nxd4 Nf6 5. Nc3 a6 6. Be3 Ng4 7. Bg5 h6 8. Bc1 {B90: Sicilian Najdorf: Unusual White 6th moves, 6 Be3 Ng4 and 6 Be3 e5} Nf6 9. Bc4 e6 10. Bb3 b5 {[%cal Bb7b5,Bb5b4][%mdl 32] LiveBook: 6 Games} 11. O-O Bd7 $146 ({Predecessor:} 11... Be7 12. Qf3 Qb6 13. Be3 Qb7 14. Qg3 b4 15. Na4 g5 {½-½ (47) Morozevich,A (2676)-Nakamura,H (2779) Doha 2016}) 12. Re1 Be7 13. a4 {[%cal Ra4b5]} b4 14. Na2 Nc6 15. f3 (15. Nxc6 $11 Bxc6 16. Nxb4 Bxe4 17. Qd4) 15... O-O 16. Be3 Qb8 17. Qd2 Na5 18. Nxb4 d5 $1 19. Nd3 $1 (19. Nxd5 $2 exd5 20. e5 Nxb3 $17) 19... dxe4 20. Qxa5 (20. fxe4 $15 Nxb3 21. Nxb3) 20... exd3 $17 21. Qd2 e5 {[%cal Be6e5,Be5f4][%mdl 32]} 22. Bf4 $2 {[#]} (22. Qxd3 $17 exd4 23. Bxd4) 22... exf4 23. Rxe7 Qd6 24. Rxd7 Nxd7 25. c3 Rfe8 26. Bc4 Ne5 27. Bxd3 Nxd3 28. Qxd3 Re3 $36 {[%mdl 2048] Black is really pushing.} 29. Qd2 Rae8 30. Rd1 Qd7 31. b3 $2 {[#]} (31. Ra1 $17) 31... Qc7 $19 32. Rc1 Qc5 33. Kf1 g6 34. h3 h5 35. Rc2 Qe5 36. Rc1 Kh7 37. b4 (37. Kf2 {was worth a try.}) 37... Rc8 38. b5 axb5 39. axb5 Qc5 40. Qa2 Kg8 41. Ne2 $2 (41. Qb2) 41... Qxb5 42. c4 Qe5 43. Qd2 Re8 {[%cal Re3e2]} 44. Nc3 Kg7 45. Ne4 (45. Nd5 $142 Re2 46. Qc3) 45... Rb8 46. c5 $2 (46. Qd1) 46... Rb2 47. Qd6 Rxe4 48. fxe4 Qxe4 {Precision: White = 34%, Black = 64%.} 0-1

[Event "3rd CNE NED-ch Men Rapid 2017"]
[Site "Amstelveen"]
[Date "2017.12.03"]
[Round "6"]
[White "Van Wely, Loek"]
[Black "Bok, Benjamin"]
[Result "0-1"]
[WhiteElo "2657"]
[BlackElo "2601"]
[Annotator "TA"]
[PlyCount "78"]
[EventDate "2017.??.??"]
[EventType "tourn"]
[EventCountry "NED"]
[SourceTitle "playchess.com"]
[Source "ChessBase"]
[SourceQuality "1"]

{[%evp 25,78,-18,-22,-87,-88,-84,0,-60,-53,-48,229,-74,-125,-109,20,-139,-13,-3,0,0,24,-76,-93,-156,-168,-203,-193,-295,-301,-383,-298,-710,-607,-600,-585,-709,-660,-650,-610,-778,-472,-625,-238,-3780,-2263,-29971,-29972,-1311,-1225,-29992,-29993,-29993,-29994,-29996,-29997]} 1. c4 Nf6 2. Nc3 e6 3. Nf3 d5 4. d4 c6 5. Bg5 h6 6. Bh4 dxc4 7. e4 g5 8. Bg3 b5 9. Be2 Bb7 10. h4 g4 11. Ne5 Nbd7 {D43: Semi-Slav: 5 Bg5 h6} 12. O-O (12. Nxd7 Qxd7 13. Be5 Bg7 14. Bxg4 O-O-O 15. Bh3 Ne8 16. Bxg7 Nxg7 17. Ne2 f5 18. b3 fxe4 19. bxc4 Nf5 20. O-O Nxd4 21. Nxd4 Qxd4 22. Bxe6+ Kb8 23. Qxd4 Rxd4 24. Rad1 {½-½ (24) Li,C (2741)-Gelfand,B (2719) Palma de Mallorca 2017}) 12... Nxe5 13. Bxe5 Rg8 {LiveBook: 4 Games. The position is equal.} 14. Qc2 (14. Re1 $11) 14... Nh5 $1 $17 15. a4 $146 ({Predecessor:} 15. g3 f6 16. Bxg4 Rxg4 17. Qe2 f5 18. exf5 exf5 19. a4 Kf7 20. Nd1 Qxh4 21. Ne3 Rg5 22. Qf3 Qe4 {0-1 (22) Johansson,L (2400)-Bok,B (2586) Khanty-Mansiysk 2015}) 15... a6 (15... b4 $17 16. Nd1 Qxh4) 16. axb5 (16. Rfd1 $1 $11) 16... cxb5 $15 17. d5 Qxh4 $2 {[%mdl 8192]} (17... Rg6 $15 18. g3 Bc5) 18. g3 $2 (18. Nxb5 $1 $18 g3 19. fxg3 (19. Nc7+ $2 Kd8 $19) 19... Bc5+ 20. Bd4 Nxg3 21. Bxc5 (21. Nc7+ Kd8 $11) 21... axb5 22. Bxc4 $1 {[%mdl 512]}) 18... Qg5 $17 19. Bd4 {Threatens to win with Bxc4!} Bg7 (19... Rc8 $17 20. b3 Bg7 21. Bxg7 Qxg7 22. bxc4 Qe5) 20. Qd1 $2 (20. Be3 $11 Qe5 21. Bxc4 $1 {[%mdl 512]}) 20... exd5 (20... Rd8 $17 {[%cal Re6d5]} 21. Re1 Be5) 21. exd5 $11 Bxd4 22. Qxd4 Kf8 23. Rfd1 (23. Qb6 $11 Bxd5 24. Qd6+ Kg7 25. Qxd5) 23... Nf6 $17 24. Qb6 {[#]} (24. Bf1 $142) 24... Rb8 $1 25. Rxa6 {Strongly threatening Ra7.} Kg7 26. Ra7 (26. Qxf6+ $142 Qxf6 27. Rxf6 Kxf6 28. Nxb5) 26... Bxd5 $19 27. Qa6 Rgd8 28. Nxb5 $2 (28. Re7) 28... Qh5 {[%csl Gd5][%cal Rh5h1]} 29. Rxd5 Rxd5 (29... Nxd5 $2 30. Bxc4 Qe5 31. Qa1 $19) 30. Nd6 {[#]} Rxd6 $1 31. Qxd6 Rxb2 32. Bf1 Rb1 33. Qc6 c3 $2 (33... Rc1 34. Qe6 c3) 34. Qc4 $2 {[#]} (34. Ra3) 34... c2 $1 35. Qxc2 Qb5 $1 36. Rxf7+ Kxf7 37. Qc7+ Ke8 {Black mates.} 38. Qc8+ {[#]} Ke7 $1 39. Qc7+ Nd7 {Precision: White =  6%, Black = 33%.} 0-1

[Event "3rd CNE NED-ch Men Rapid 2017"]
[Site "Amstelveen"]
[Date "2017.12.03"]
[Round "6"]
[White "Van Foreest, Jorden"]
[Black "Timman, Jan H"]
[Result "1-0"]
[WhiteElo "2629"]
[BlackElo "2562"]
[Annotator "TA"]
[PlyCount "110"]
[EventDate "2017.??.??"]
[EventType "tourn"]
[EventCountry "NED"]
[SourceTitle "playchess.com"]
[Source "ChessBase"]
[SourceQuality "1"]

{[%evp 27,110,-36,-28,-121,-68,-64,-65,-148,-67,-61,-84,-138,502,481,283,0,0,0,0,0,0,0,0,0,0,0,0,0,0,-549,312,306,294,308,283,289,279,270,275,243,246,246,243,235,243,254,209,141,310,304,295,307,321,328,353,335,362,329,512,483,508,450,452,437,428,243,426,262,416,411,375,318,400,306,284,181,196,102,104,120,1069,968,4120,4116,2175]} 1. e4 e6 2. d4 d5 3. Nc3 Nf6 4. e5 Nfd7 5. f4 c5 6. Nf3 Nc6 7. Be3 cxd4 8. Nxd4 Bc5 9. Qd2 O-O 10. O-O-O a6 11. Qf2 Bxd4 12. Bxd4 b5 13. Be3 {C11: Französische Verteidigung} b4 14. Ne2 a5 {[#] LiveBook: 11 Partien} 15. Ng3 $146 (15. Nd4 $11 Nxd4 16. Bxd4) ({Vorgänger:} 15. Nd4 Nxd4 16. Bxd4 Ba6 17. Kb1 Qc7 18. h4 Rfc8 19. h5 Nc5 20. Bxc5 Qxc5 21. Qxc5 Rxc5 {1-0 (52) Shirov,A (2713)-Radjabov,T (2670) Leon 2004}) 15... a4 (15... Ba6 $17) 16. Bb5 $15 Qc7 17. Nh5 (17. Qe2 $15) 17... b3 ({Günstiger ist} 17... Ba6 $17 18. Bxa6 (18. Bxa4 $2 Be2 $17) 18... Rxa6) 18. a3 $1 (18. Qg3 $2 g6 $19) 18... bxc2 19. Rd3 (19. Qxc2 Ba6 $11) (19. Rd2 $142 Qb7 20. Be2) 19... Na5 $2 {[%mdl 8192]} (19... Ba6 $1 $17 {[%cal Ra6b5]} 20. Bxa6 Rxa6) 20. Qg3 $1 $18 {[%csl Gh5][%cal Rg3g7]} g6 {Und weiter mit ...Sb3+ wäre nett.} 21. Qg5 $2 (21. Bxd7 $1 $18 Nb3+ 22. Rxb3 axb3 23. Nf6+ Kg7 24. f5 $1 {[%mdl 512]} (24. Qh4 h5 $16)) 21... f5 22. exf6 $40 {[%mdl 128] Schwarz muss sich nun genau verteidigen.} Nb3+ 23. Rxb3 axb3 24. Bd4 Rf7 {[#] ...Sc5 ist eine echte Drohung.} 25. f5 $1 {[%cal Rf5g6][%mdl 512]} exf5 26. Nf4 Nxf6 27. Bxf6 {zielt auf Te1 ab.} Qb6 {[%cal Rb6e3] [#]} 28. Re1 $2 {[%mdl 8192]} (28. Nxg6 $1 $11 {[%mdl 512] und Weiss muss sich keine Sorgen machen.} Qxf6 (28... hxg6 29. Qxg6+) 29. Ne7+ Kf8 30. Qg8+ Kxe7 31. Qe8+ Kd6 32. Qc6+ Ke7 33. Qe8+ Kd6 34. Qc6+ Ke7 35. Qe8+) 28... Bd7 $4 {[%mdl 8192]} ({Schlechter ist} 28... Qxb5 29. Nxg6 $1 {[%mdl 512]} Rc7 30. Ne7+ Kf7 31. Qg7+ Ke8 32. Nxc8+ Re7 33. Qxe7#) (28... Rxf6 $19 {vermeidet das Desaster.} 29. Qh4 (29. Nxd5 $2 Re6 $19) 29... Qd6) 29. Bxd7 Qxf6 30. Qxf6 Rxf6 31. Be6+ (31. Nxd5 Rd6 $16) 31... Kh8 32. Bxd5 Rb8 33. Re3 g5 34. Ne6 (34. Rxb3 Rxb3 35. Bxb3 gxf4 $11) 34... f4 35. Rxb3 Rxb3 36. Bxb3 g4 {beabsichtigt ...f3.} 37. Nc5 f3 $2 (37... h5 $16) 38. gxf3 gxf3 39. Bc4 f2 40. Bf1 ({Und nicht} 40. Kxc2 f1=Q $14) 40... Rg6 41. Ne4 (41. Kxc2 Rg1 $14) 41... Rc6 42. Bd3 Rh6 (42... Rg6 $142 43. Nd2 (43. Nxf2 Rg1+ 44. Kxc2 Rg2 $18) 43... Rg1+ 44. Nf1 Rg8 45. Kxc2 Rc8+ 46. Kd2 Rb8) 43. Nxf2 Rxh2 44. Ng4 Rg2 45. Nf6 h6 46. Bxc2 (46. b4 $142) 46... Rg5 $2 (46... Kg7 {ist wohl besser.}) 47. Bd1 Kg7 (47... Rf5 {war einen Versuch wert.} 48. Ng4 Kg7) 48. Nh5+ Kf7 49. b4 Ke6 50. Bf3 Ke5 51. Kc2 Kd4 {[#]} 52. a4 ({Lieber} 52. Bd1 $1 $18) 52... Kc4 $16 53. b5 Kc5 $2 {[%mdl 8192]} (53... Rf5 $16 54. Bd1 Rf2+ 55. Kc1 Kb4) 54. Nf6 $18 {Droht Se4+ und aus.} Rf5 55. Nd7+ Kd6 {Precision: Weiß = 50%, Schwarz = 41%.} 1-0

[Event "3rd CNE NED-ch Men Rapid 2017"]
[Site "Amstelveen"]
[Date "2017.12.03"]
[Round "6"]
[White "Smeets, Jan"]
[Black "Van den Doel, Erik"]
[Result "1-0"]
[WhiteElo "2608"]
[BlackElo "2589"]
[Annotator "TA"]
[PlyCount "113"]
[EventDate "2017.??.??"]
[EventType "tourn"]
[EventCountry "NED"]
[SourceTitle "playchess.com"]
[Source "ChessBase"]
[SourceQuality "1"]

{[%evp 24,113,5,8,10,0,4,-12,11,2,10,-31,-31,-33,-17,-39,-29,-33,-7,0,0,-12,3,0,7,0,33,21,26,-16,31,6,67,0,0,-17,-4,-20,-10,-7,35,45,37,63,50,54,64,33,43,45,91,91,97,93,103,70,111,74,76,66,77,85,309,302,285,291,558,568,1721,1527,1988,1941,1896,1825,1734,1675,1408,1224,1177,1086,1750,914,906,0,1101,884,29966,29969,29982,29983,29979,29981]} 1. e4 e5 2. Nf3 Nc6 3. Bb5 a6 4. Ba4 Nf6 5. O-O Be7 6. Re1 b5 7. Bb3 d6 8. c3 {[%cal Bc2c3,Bc3c4][%mdl 32]} O-O 9. h3 Nb8 10. d4 Nbd7 11. c4 c6 12. a3 exd4 {C95: Closed Ruy Lopez: Breyer Variation with 10 d4} 13. Nxd4 {LiveBook: 3 Games} Ne5 14. cxb5 axb5 {The position is equal.} 15. Bf4 Qb6 16. Nc3 Re8 {[#]} 17. Nc2 $146 ({Predecessor:} 17. Rc1 Bd7 18. Nf5 Bxf5 19. exf5 Nc4 20. a4 Nxb2 {½-½ (35) Svidler,P (2749)-Kosintseva,N (2537) Caleta 2012}) 17... Nfd7 18. Nb4 Nc5 ({Reject} 18... Bh4 $6 19. Be3 $16) 19. Ba2 Be6 20. Bxe6 fxe6 21. Qc2 Rf8 22. Bg3 Ng6 23. Rad1 e5 24. Nd3 Rf7 25. Nxc5 Qxc5 26. Re2 h5 {[%cal Bh7h5,Bh5h4][%mdl 32]} 27. Na2 Bg5 ({Black should try} 27... Ra4 $11) 28. Nb4 (28. Qb3 $14 h4 29. Bh2) 28... Qxc2 $11 29. Rxc2 c5 30. Nd5 h4 31. Bh2 Nf8 32. Nc3 Ne6 {[#] Hoping for ...Nd4.} 33. Nxb5 Nd4 34. Nxd4 cxd4 35. Kf1 (35. Rc6 $5 {[%cal Rc6d6]}) 35... Rb7 36. Rd3 Rab8 37. b4 Ra8 38. Ke2 Rba7 39. Ra2 Bc1 {[%cal Rc1a3] [#]} 40. f4 $1 {[%mdl 512]} Bxa3 (40... Bxf4 41. Bxf4) 41. fxe5 dxe5 42. Rb3 Bc1 $2 (42... Ra4 $16) 43. Rxa7 $18 Rxa7 44. Bxe5 {[%mdl 4096] Endgame KRB-KRB} Be3 $2 (44... Re7 {was necessary.}) 45. Kd3 Bg1 46. b5 {[%cal Bb4b5,Bb5b6][%mdl 32]} Kf7 47. b6 Rb7 48. Bc7 Ke6 49. Rb5 Be3 50. Re5+ Kd7 51. Rd5+ Kc6 52. Rd6+ Kc5 53. Rd5+ Kc6 54. Rxd4 Bxd4 55. Kxd4 {White mates.} Kd7 56. Kd5 g6 57. e5 {Precision: White = 58%, Black = 42%.} 1-0

[Event "3rd CNE NED-ch Men Rapid 2017"]
[Site "Amstelveen"]
[Date "2017.12.03"]
[Round "6"]
[White "Sokolov, Ivan"]
[Black "Giri, Anish"]
[Result "0-1"]
[WhiteElo "2589"]
[BlackElo "2752"]
[Annotator "TA"]
[PlyCount "120"]
[EventDate "2017.??.??"]
[EventType "tourn"]
[EventCountry "NED"]
[SourceTitle "playchess.com"]
[Source "ChessBase"]
[SourceQuality "1"]

{[%evp 13,120,-8,11,-24,-22,-27,-27,-19,-24,-24,-24,-22,-22,-16,24,15,22,23,22,36,23,9,21,33,45,44,50,31,39,23,60,62,97,0,45,30,40,38,32,42,68,39,54,39,50,0,31,34,33,34,45,26,22,36,61,29,43,39,78,37,46,10,93,94,123,118,120,83,133,122,347,137,263,280,289,154,159,158,170,148,275,266,320,129,135,135,136,79,220,-138,-139,-122,-48,-157,-158,-201,-201,-201,-201,-199,-199,-191,-183,-193,-193,-597,-529,-705,-593]} 1. d4 Nf6 2. c4 e6 3. Nf3 d5 4. Nc3 Bb4 5. e3 O-O 6. Bd2 b6 7. a3 Bd6 {LiveBook: 6 Partien. E51: Nimzoindisch (Moderne Variante)} 8. Qc2 (8. b4 dxc4 9. Bxc4 Bb7 10. Qe2 c5 11. bxc5 bxc5 12. dxc5 Bxc5 13. O-O Nbd7 14. Na4 Be7 15. Rfd1 {½-½ (42) Ghaem Maghami,E (2556)-Yu,Y (2667) Sharjah 2014}) 8... c5 9. Be2 $146 ({Vorgänger:} 9. dxc5 bxc5 10. O-O-O Bb7 11. cxd5 exd5 12. Bd3 Nbd7 13. Nb5 Bb8 14. Kb1 a6 15. Nc3 {0-1 (22) Agnew,G (1551)-Bass,S (1733) IECC email 1999}) 9... Bb7 {Schwarz hat minimalen Vorteil.} 10. cxd5 exd5 11. O-O Nbd7 12. dxc5 bxc5 13. b4 Rc8 14. bxc5 Nxc5 15. Nb5 Bb8 16. Bb4 Nfe4 17. Qb2 Qb6 18. Rfc1 Rfe8 19. a4 Ba6 20. Be1 h6 21. Qa2 Qe6 22. Nbd4 Qd6 23. Nb5 (23. Bb5 $16) 23... Qd7 24. Rc2 Ne6 {[%cal Bc5e6,Be6g5,Bg5e4][%mdl 32]} 25. Rd1 Rxc2 26. Qxc2 N6g5 27. Qa2 Nf6 28. Bc3 Nge4 29. Be1 Rc8 30. h3 Qe7 31. Qb2 Qd7 32. Rc1 Rxc1 33. Qxc1 Qc8 34. Qb2 Qb7 35. Nfd4 Be5 36. Qc2 Bxb5 37. axb5 Bc7 (37... Bxd4 $1 $11 38. exd4 Qb6) 38. Qc6 Qb8 39. Nf5 Qd8 40. Bb4 Ba5 41. Be7 $36 {[%mdl 2048] Weiss ist am Drücker.} Qc7 $2 (41... Qd7 $16 42. g4 Bc7 43. Qa8+ Ne8) 42. f3 $2 (42. Qa8+ $1 $18 {ist der präzise Gewinnweg.} Kh7 43. Qf8 Qc1+ 44. Kh2 (44. Bf1 Nh5 $11) 44... Bc7+ 45. g3) 42... Qxc6 (42... Ng3 $16 43. Bd3 Qxc6 44. bxc6 Nxf5 45. Bxf5 Ne8) 43. bxc6 $18 Nc3 {[#]} 44. Bd3 ({Weiss braucht} 44. Bb4 $1 $18 {[%mdl 512]} Nxe2+ (44... Bxb4 45. c7) 45. Kf2) 44... Ne8 $16 45. Kf2 h5 46. Bc5 Bb6 (46... g6 $16 {kämpft weiter.}) 47. Bb4 Na2 48. Bd2 (48. Ne7+ $18 {bietet bessere Gewinnchancen.} Kh8 49. Bd2 (49. Nxd5 Nc7 $14)) 48... Bc5 49. Ba5 $1 {Schwarz muss nun c7 beachten.} g6 50. Nd4 (50. Bb1 $142 Nb4 51. Nd4) 50... Nb4 (50... Bb6 $16 51. Be1 a5) 51. c7 $2 (51. Bb5 $18) 51... Nxd3+ $17 52. Ke2 {[#]} Nc1+ (52... Nf4+ $1 $17 {[%mdl 512]} 53. exf4 Nxc7) 53. Kd1 {[#]} (53. Kd2 $15 Nxc7 54. Bxc7) 53... Nxc7 $1 54. Bxc7 Bxd4 $1 55. exd4 {[%mdl 4096] Endspiel KL-KS} Nb3 56. Be5 Kf8 57. Kc2 Na5 58. g4 Ke7 59. g5 $2 (59. Bf4 {ist zäher.}) 59... Ke6 $19 60. h4 Nc4 {Precision: Weiß = 40%, Schwarz = 37%.} 0-1

[Event "3rd CNE NED-ch Men Rapid 2017"]
[Site "Amstelveen"]
[Date "2017.12.03"]
[Round "7"]
[White "Giri, Anish"]
[Black "Van Wely, Loek"]
[Result "1/2-1/2"]
[WhiteElo "2752"]
[BlackElo "2657"]
[Annotator "TA"]
[PlyCount "68"]
[EventDate "2017.??.??"]
[EventType "tourn"]
[EventCountry "NED"]
[SourceTitle "playchess.com"]
[Source "ChessBase"]
[SourceQuality "1"]

{[%evp 20,68,59,40,57,45,59,54,62,47,43,14,35,9,9,8,13,0,0,4,-7,0,4,7,9,9,9,16,6,8,33,0,0,10,6,0,8,0,27,-8,0,0,0,-17,-9,-57,0,0,0,-44,0]} 1. e4 c5 2. Nf3 e6 3. d4 cxd4 4. Nxd4 Nc6 5. Nc3 d6 6. Be3 Nf6 7. Qd2 Be7 8. f3 O-O 9. O-O-O d5 10. Be2 a6 {B80: Sicilian Scheveningen: 6 g3 and 6 Be3, including English Attack} 11. Kb1 {LiveBook: 3 Games} Qc7 12. exd5 $1 Nxd5 {White is slightly better.} 13. Nxd5 exd5 {[#]} 14. Nb3 $146 ({Predecessor:} 14. f4 Bf6 15. Bf3 Bxd4 16. Bxd4 Bf5 17. Bc5 Rfd8 18. g4 {0-1 (38) Balogh,C (2647)-Van Wely,L (2632) Netherlands 2016}) 14... Rd8 15. Bg5 d4 16. h4 Be6 17. Bd3 a5 {[%cal Ba6a5,Ba5a4][%mdl 32]} 18. Bxe7 Qxe7 19. a3 a4 20. Nc1 {[%cal Bb3c1,Bc1d3,Bd3b4][%mdl 32]} b5 21. Be4 Qc5 22. Bxc6 Qxc6 23. Nd3 Qc4 {[#] ( -> ...Qa2+)} 24. Nb4 Rac8 25. h5 h6 26. g4 f6 27. Rhe1 Kh8 28. Re4 Bg8 29. Rxd4 Rxd4 30. Qxd4 Qe2 31. Qd3 Bc4 32. Qd7 Be6 {[%mdl 1024] Black has compensation.} 33. Qd3 Bc4 34. Qd7 Be6 {Precision: White = 59%, Black = 80%.} 1/2-1/2

[Event "3rd CNE NED-ch Men Rapid 2017"]
[Site "Amstelveen"]
[Date "2017.12.03"]
[Round "7"]
[White "Bok, Benjamin"]
[Black "Van Foreest, Jorden"]
[Result "1/2-1/2"]
[WhiteElo "2601"]
[BlackElo "2629"]
[Annotator "TA"]
[PlyCount "61"]
[EventDate "2017.??.??"]
[EventType "tourn"]
[EventCountry "NED"]
[SourceTitle "playchess.com"]
[Source "ChessBase"]
[SourceQuality "1"]

{[%evp 11,61,27,27,24,33,25,39,31,30,32,32,29,37,29,43,44,40,17,50,56,63,72,75,68,74,36,36,39,36,35,25,25,34,32,49,42,52,26,28,0,0,0,0,0,0,4,10,0,0,0,0,0]} 1. Nf3 d5 2. g3 g6 3. Bg2 Bg7 4. d4 Nd7 5. O-O Ngf6 6. a4 {D02: Damenbauernspiele} a5 {LiveBook: 4 Partien} 7. b3 $146 ({Vorgänger:} 7. c4 dxc4 8. Qc2 Nb6 9. e4 Bg4 10. Be3 Nfd7 11. Na3 O-O 12. Nxc4 Nxc4 13. Qxc4 {½-½ (34) Eljanov,P (2707)-Nakamura,H (2780) Palma de Mallorca 2017}) 7... O-O 8. c4 {Weiß steht etwas besser.} c5 9. Bb2 b6 10. Na3 Bb7 11. e3 Rc8 12. Qe2 e6 13. Rfd1 Qe7 14. cxd5 Bxd5 15. Nc4 cxd4 16. Nxd4 Bxg2 17. Kxg2 Nc5 18. Qf3 Nd5 19. Ba3 Qf6 $1 {[%cal Rf6f3]} 20. Qxf6 Bxf6 21. Rab1 Rfd8 22. Bxc5 Rxc5 23. Nb5 Rb8 24. Rd3 Nc7 25. Nxc7 (25. Nca3 {with more complications.} Na6 26. e4 Rcc8 27. Nc4 Nc5 28. Rf3) 25... Rxc7 {Die Stellung ist ausgeglichen.} 26. Na3 Be7 27. Nb5 Rc2 28. Rbd1 Rbc8 29. R1d2 Bb4 30. Rxc2 Rxc2 31. Nd4 {Precision: Weiß = 63%, Schwarz = 61%.} 1/2-1/2